Score 0/14 Timer 10:00
0 Plays Today
Rank of All World Cities Metro Area % Correct
5New York, USA
89.3%
6Shanghai, China
87.3%
8Los Angeles, USA
86%
3Mumbai, India
81.7%
29Chicago, USA
76.6%
4Sao Paulo, Brazil
74.4%
19Rio de Janeiro, Brazil
71.2%
Rank of All World Cities Metro Area % Correct
18Osaka, Japan
64.3%
9Kolkata, India
62.5%
23Istanbul, Turkey
55.8%
13Karachi, Pakistan
53.2%
7Lagos, Nigeria
51.5%
32Hyderabad, India
23.5%
20Tianjin, China
20.1%
Remove Ads.
Support Sporcle.
Get the best of Sporcle when you Go Orange. This ad-free experience offers more features, more stats, and more fun while also helping to support Sporcle. Thank you for becoming a member.

You're not logged in!

Compare scores with friends on all Sporcle quizzes.
OR
Log In

Show Comments

Extras

Top Quizzes Today


Score Distribution

Your Account Isn't Verified!

In order to create a playlist on Sporcle, you need to verify the email address you used during registration. Go to your Sporcle Settings to finish the process.

Report this User

Report this user for behavior that violates our Community Guidelines.

Details: